LDR 00677naa#a2200205#i#450# 001 EN\\bibl\120809 005 20260630034854.2 011 ## _a2077-7566 100 ## _a20260629b2026####ek#y0engy0150####ca 101 0# _aRUS 102 ## _aRU 200 1# _aLONG-TERM RESULTS OF ENDODONTIC TREATMENT USING OPERATING MICROSCOPE _eJournal article 210 1# _aEkaterinburg _cTIRAZH Publishing House _d2026 215 ## _a6 с. 608 ## _aJournal article _2local 675 ## _aЛечение болезней зубов. 616.314-085 _zRUS 686 ## _aКлиническая медицина. 76.29 _2grnti 700 #1 _aMolokova _gViktoriya A. 700 #1 _aAntonova _gIrina N. 856 4# _adental-press.ru _u